US States ABC Blitz Quiz Stats

 Plays Quiz Updated Nov 27, 2017

Challenge
Share
Tweet
Embed
Score 0/26 Timer 01:00
20 Plays Today
Letter State % Correct
AAlabama, Alaska, Arizona, Arkansas
99.5%
CCalifornia, Colorado, Connecticut
95.1%
DDelaware
92%
GGeorgia
88.2%
IIdaho, Illinois, Indiana, Iowa
86.9%
FFlorida
86.2%
BNONE
84.1%
ENONE
82.5%
HHawaii
81.6%
KKansas, Kentucky
81.3%
MMaine, Maryland, Massachusetts, Michigan, Minnesota, Mississippi, Missouri, Montana
76.7%
JNONE
74.4%
NNebraska, Nevada, New Hampshire, New Jersey, New Mexico, New York, North Carolina, North Dakota
74.1%
Letter State % Correct
LLouisiana
72.2%
OOhio, Oklahoma, Oregon
70.6%
PPennsylvania
60.3%
QNONE
58%
RRhode Island
52.7%
TTennessee, Texas
42.6%
SSouth Carolina, South Dakota
41.8%
UUtah
39.4%
VVermont, Virginia
36.4%
WWashington, Wisconsin, West Virginia, Wyoming
33%
XNONE
29.9%
YNONE
27.9%
ZNONE
26.6%

You're not logged in!

Compare scores with friends on all Sporcle quizzes.
OR
Log In

You Might Also Like...

Show Comments

Extras

Top Quizzes Today


Score Distribution

Your Account Isn't Verified!

In order to create a playlist on Sporcle, you need to verify the email address you used during registration. Go to your Sporcle Settings to finish the process.

Report this User

Report this user for behavior that violates our Community Guidelines.

Details: